Top 10 Countries with the Most Southern Min Speakers - Statistics

General Stats
  • This quiz has been taken 57 times
  • The average score is 9 of 11
Answer Stats
Ranking % # Country % Correct
1 1.9 27,700,000 China
100%
2 56.7 13,500,000 Taiwan
100%
8 0.1 219,000 United States
98%
6 0.3 766,000 Indonesia
93%
3 10.8 3,500,000 Malaysia
93%
7 10.7 625,000 Singapore
90%
5 0.9 1,000,000 Philippines
83%
4 2.2 1,520,000 Thailand
83%
10 0.1 75,000 Japan
80%
- 6.6 493,000 Hong Kong
61%
9 1.3 209,000 Cambodia
51%
No matching quizzes found
Score Distribution
Percent of People with Each Score
Percentile by Number Answered
Your Score History
You have not taken this quiz